Mario and Luigi: Dream Team Enemies - Statistics

General Stats
  • This quiz has been taken 14 times
  • The average score is 55 of 143
Answer Stats
First Encounter Area Enemy % Correct
Zeeppelin ???? (Antasma)
67%
Dreamy Neo Bowser Castle Antasma
67%
Dream's Deep Antasma (Bat Stage)
67%
Dreamy Neo Bowser Castle Antasman
67%
Battle Ring Antasma X
67%
Battle Ring Antasma X (Bat State)
67%
Dreamy Neo Bowser Castle Antasmunchie
67%
Dozing Sands Bandit
67%
Dreamy Wakeport Beef Cloud
67%
Somnom Woods Beehoss
67%
Dreamy Wakeport Big Massif
67%
Battle Ring Big Massif X
67%
Pi'illo Castle Bloatula
67%
Mount Pajamaja Block Monolift
67%
Battle Ring Block Monolift X
67%
Dreamy Driftwood Shore Bloopurn
67%
Dream's Deep Bowser
67%
Battle Ring Bowser Jr.
67%
Neo Bowser Castle Dreamy Bowser
67%
Dreamy Pi'illo Castle Dreamy Mario
67%
Dreamy Neo Bowser Castle Giant Bowser
67%
Driftwood Shore Goomba
67%
Mushrise Park Grobot
67%
Neo Bowser Castle Left Arm (Bowser)
67%
Mount Pajamaja Mammoshka
67%
Somnom Woods Pi'illodium
67%
Wakeport Popple
67%
Neo Bowser Castle Right Arm (Bowser)
67%
Dozing Sands Sandoon
67%
Dreamy Driftwood Shore Sergeant Guy
67%
Ultibed Part Hunt Shy Guy
67%
Dozing Sands Torkscrew
67%
Somnom Woods Wings (Pi'illodium)
67%
Battle Ring Antasmunchie X
33%
Somnom Woods Boomerang Bro
33%
Battle Ring Bowser X
33%
Dozing Sands Caccac
33%
Mushrise Park Capnap
33%
Neo Bowser Castle Chain Chomp
33%
Dreamy Mount Pajamaja Chizzle
33%
Dreamy Wakeport Cocoknight
33%
Dreamy Wakeport Cocoknight R
33%
Somnom Woods Commander Lakitu
33%
Dreamy Driftwood Shore Corporal Paraplonk
33%
Battle Ring Corporal Paraplonk X
33%
Dream's Deep Dark Block
33%
Dreamy Mushrise Park Dreamcap
33%
Dreamy Mushrise Park Dreamcap Captain
33%
Dreamy Driftwood Shore Dreamcap Captain R
33%
Dreamy Driftwood Shore Dreamcap R
33%
Neo Bowser Castle Dreamy Bob-omb
33%
Neo Bowser Castle Dreamy Goomba
33%
Dreamy Dozing Sands Dreamy Sandoon
33%
Neo Bowser Castle Dreamy Shy Guy
33%
Dreamy Pi'illo Castle Dromba
33%
Driftwood Shore Durapurl
33%
Dreamy Wakeport Earthwake
33%
Battle Ring Earthwake X
33%
Somnom Woods Eyepi'illo
33%
Neo Bowser Castle Fire Bro
33%
Neo Bowser Castle Flaming Antasmaton
33%
Mushrise Park Flibbee
33%
Mount Pajamaja Flibbee R
33%
Dozing Sands Flounderflage
33%
Driftwood Shore Fly Guy
33%
Mushrise Park Fly Guy R
33%
Battle Ring Giant Bowser X
33%
Various Gold Beanie
33%
Somnom Woods Golden Egg
33%
Mushrise Park Goomba R
33%
Battle Ring Grobot X
33%
Pi'illo Blimport Gromba
33%
Mount Pajamaja Grumbell
33%
Dreamy Wakeport Heavy Zest
33%
Wakeport Hermite Crab
33%
Driftwood Shore Hermite Crab R
33%
Dreamy Wakeport Hooraw
33%
Battle Ring Hooraw X
33%
Dreamy Mount Pajamaja Icead
33%
Neo Bowser Castle Inky Piranha Plant
33%
Dreamy Neo Bowser Castle Kamek
33%
Dreamy Neo Bowser Castle Kamek (Green)
33%
Dreamy Neo Bowser Castle Kamek (Red)
33%
Dreamy Neo Bowser Castle Kamek (White)
33%
Dreamy Wakeport Krubbish
33%
Dreamy Driftwood Shore Lakitu
33%
Dreamy Dozing Sands Lob-omb
33%
Dreamy Mount Pajamaja Lob-omb R
33%
Dreamy Mount Pajamaja Magmad
33%
Battle Ring Mammoshka X
33%
Dreamy Neo Bowser Castle Mechakoopa
33%
Somnom Woods Mini Pi'illoid
33%
Battle Ring Mini Pi'illoid X
33%
Mount Pajamaja Monolift
33%
Mount Pajamaja Monolift R
33%
Battle Ring Monty Mole
33%
Dreamy Mount Pajamaja Mount Pajamaja
33%
Battle Ring Mount Pajamaja X
33%
Dreamy Driftwood Shore Nipper Plant
33%
Dreamy Somnom Woods Pelicrump
33%
Mount Pajamaja Pi'illodactyl
33%
Somnom Woods Pi'illodactyl R
33%
Battle Ring Pi'illodium X
33%
Dreamy Driftwood Shore Piranha Plant
33%
Dreamy Driftwood Shore Private Goomp
33%
Battle Ring Private Goomp X
33%
Dreamy Mushrise Park Propellion
33%
Dreamy Dozing Sands Robo-Drilldigger
33%
Battle Ring Robo-Drilldigger X
33%
Dreamy Driftwood Shore Sergeant Guy Cannon
33%
Battle Ring Sergeant Guy Cannon X
33%
Battle Ring Sergeant Guy X
33%
Ultibed Part Hunt Shy Guy Airtub
33%
Neo Bowser Castle Shy Guy Airtub R
33%
Neo Bowser Castle Shy Guy R
33%
Dreamy Dozing Sands Skipdrill
33%
Dreamy Somnom Woods Skipdrill R
33%
Pi'illo Castle Smoldergeist
33%
Dreamy Wakeport Sorrow Fist
33%
Dreamy Driftwood Shore Spiny
33%
Dreamy Somnom Woods Spritzbloom
33%
Dreamy Pi'illo Castle Storch
33%
Dreamy Driftwood Shore Sub-Goomba
33%
Battle Ring Sub-Goomba X
33%
Mushrise Park Thorb
33%
Dreamy Wakeport Thunder Sass
33%
Dreamy Wakeport Ticksquawk
33%
Battle Ring Torkscrew X
33%
Neo Bowser Castle Walker Guy
33%
Wakeport Wiggler
33%
Battle Ring Wings (Pi'illodium X)
33%
Dreamy Somnom Woods Zeekeeper
33%
Battle Ring Zeekeeper X
33%
Dreamy Neo Bowser Castle Big Tail Goomba
0%
Ultibed Part Hunt Blue Virus
0%
Neo Bowser Castle Dreamy Paratroopa
0%
Dreamy Neo Bowser Castle Dry Bones
0%
Battle Ring Junior Clown Car
0%
Dreamy Neo Bowser Castle Lakitu R
0%
Ultibed Part Hunt Red Virus
0%
Neo Bowser Castle Shy Guy Airtub DX
0%
Dreamy Neo Bowser Castle Spiny R
0%
Ultibed Part Hunt Yellow Virus
0%
No matching quizzes found
Score Distribution
Percent of People with Each Score
Percentile by Number Answered
Your Score History
You have not taken this quiz